| 000 | 00763cab a2200241 4500 | ||
|---|---|---|---|
| 001 | ABS51254 | ||
| 008 | 090401t1994 xxu||||| |||| 00| 0 eng d | ||
| 035 | _a(Sirsi) u17518 | ||
| 041 | _aeng | ||
| 100 | _aRyland, D. | ||
| 245 | _aFinancial Reporting Standard 5 | ||
| 260 | _c1994 | ||
| 350 | _a0 | ||
| 490 |
_aJournal of Property Finance _v5(1) 1994, 7-8(2) |
||
| 520 | _aIntroduces the Accounting Standards Boards `Financial Reporting Standard 5`, and discusses the linked presentation rules which are implemented in FRS5. | ||
| 650 | _aACCOUNTING STANDARDS BOARD | ||
| 650 | _aACCOUNTING STANDARDS | ||
| 650 | _aFRS5 | ||
| 650 | _aLINKED PRESENTATION | ||
| 690 | _aPROPERTY-PROPERTY FINANCE AND INVESTMENT | ||
| 942 | _n0 | ||
| 948 | _c04/03/1997 | ||
| 999 |
_c11617 _d11617 |
||